00426nam a22001217a 4500082002600000100002000026245007800046260007200124300002600196526003700222526003700259650000800296 a604.2bSHAcL-12,P-16 aSharma, B. Dash aEngineering drawing for intermediate engineering studentscB. Dash Sharma aDelhibAmarjit Singh Nalwa at Sagar Perss Kashmere Gate Delhic1953 a140p.:bill.;c12 cm. a0b0c0d604_200000000000000_SHA a0b0c0d604_200000000000000_SHA aMCE